Knot groups

Uloženo v:
Podrobná bibliografie
Hlavní autor: Neuwirth, Lee Paul (Autor)
Médium: Kniha
Jazyk:angličtina
Vydáno: Princeton Pinceton University Press 1965
Edice:Annals of Mathematics Studies, 56
Témata:
Tagy: Přidat tag
Žádné tagy, Buďte první, kdo vytvoří štítek k tomuto záznamu!

MARC

LEADER 00000nam a2200000 a 4500
001 UCQ9609
003 CL-VaPUC
005 20241112141427.0
008 990112e19650000us |||||||||||||||||eng|d
999 |c 278601  |d 278599 
040 |c Pontificia Universidad Católica de Valparaíso 
082 0 4 |a 514.224  |b NEU  |2 21 
100 |a Neuwirth, Lee Paul  |e author  |9 424264 
245 1 0 |a Knot groups 
260 |a Princeton  |b Pinceton University Press  |c 1965 
300 |a 111 p 
490 0 |a Annals of Mathematics Studies, 56 
583 |a last modification  |c 20171204 06:46:36  |k Rodrigo Vera 
650 0 |a Teoría de nudos  |9 423175 
650 0 |a Topología combinatoria   |9 265922 
650 0 |a Knots  |9 893624 
942 |c BK  |2 ddc 
945 |d 19990112 00:00:00  |a crobeson 
952 |0 0  |1 0  |4 0  |6 514_224000000000000_NEU_1965  |7 0  |8 A  |9 317236  |a BIBMAT  |b BIBMAT  |d 2019-11-20  |i 131677K  |o 514.224 NEU 1965  |p 131677K  |r 2025-01-07  |w 2019-11-20  |y BK  |k MAT